Catálogo

Vista normal Vista MARC

Entrada Personal Name

Número de registros utilizados en: 1

001 - CONTROL NUMBER

  • control field: 16697

003 - CONTROL NUMBER IDENTIFIER

  • control field: DLC

005 - DATE AND TIME OF LATEST TRANSACTION

  • control field: 20250131150930.0

008 - FIXED-LENGTH DATA ELEMENTS

  • fixed length control field: 940401n| azannaabn a aaa c

010 ## - LIBRARY OF CONGRESS CONTROL NUMBER

  • LC control number: n 94031987

024 7# - OTHER STANDARD IDENTIFIER

  • Standard number or code: 0000000081409529
  • Source of number or code: isni

035 ## - SYSTEM CONTROL NUMBER

  • System control number: (OCoLC)oca03578656

040 ## - CATALOGING SOURCE

  • Original cataloging agency: Uk
  • Language of cataloging: spa
  • Description conventions: rda
  • Transcribing agency: Mx-PuUPA
  • Modifying agency: Uk
  • Modifying agency: DLC
  • Modifying agency: NL-TiUL
  • Modifying agency: Mx-PuUPA

046 ## - SPECIAL CODED DATES

  • Birth date: 19460616
  • Source of date scheme: edtf

100 1# - HEADING--PERSONAL NAME

  • Personal name: MacGregor, Neil,
  • Dates associated with a name: 1946-

370 ## - ASSOCIATED PLACE

  • Place of birth: Glasgow (Escocia)
  • Source of term: naf

373 ## - ASSOCIATED GROUP

  • Associated group: Galería Nacional (Gran Bretaña)
  • Associated group: Museuo Británico
  • Associated group: Humboldt-Forum (Berlín, Alemania)
  • Source of term: naf

374 ## - OCCUPATION

  • Occupation: Historidor del Arte
  • Occupation: Directores de museos
  • Occupation: Directores de museos de arte
  • Occupation: Editor
  • Occupation: Autor
  • Source of term: lcsh

375 ## - GENDER

  • Gender: hombre
  • Source of term: lcdgt

377 ## - ASSOCIATED LANGUAGE

  • Language code: eng

400 1# - SEE FROM TRACING--PERSONAL NAME

  • Personal name: MacGregor, Robert Neil,
  • Dates associated with a name: 1946-

670 ## - SOURCE DATA FOUND

  • Source citation: A victim of anonymity, 1993:
  • Information found: t.p. (Neil MacGregor)

670 ## - SOURCE DATA FOUND

  • Source citation: National Gallery, London WWW Site, 21 Aug. 2001
  • Information found: (Neil MacGregor, Director of the National Gallery, London since 1987; born in Glasgow on 16 Jun. 1946; LLB in Law at Uni. of Edinburgh; MA from Courtauld Institute of Art in London)

670 ## - SOURCE DATA FOUND

  • Source citation: Wikipedia, viewed October 13, 2021
  • Information found: (Neil MacGregor; Robert Neil MacGregor OM AO FSA; British art historian and former museum director; editor of the Burlington Magazine from 1981 to 1987, then director of the National Gallery, London, from 1987 to 2002, director of the British Museum from 2002 to 2015 and founding director of the Humboldt Forum in Berlin until 2018)
  • Uniform Resource Identifier: https://en.wikipedia.org/wiki/Neil_MacGregor